| Registos Bibliográficos associados ao registo de autoridade |
|
Etiqueta de registo: 00000nam 2200025 450 001 2279765 003 http://id.bnportugal.gov.pt/bib/catbnp/2279765 010 ## $a978-65-5717-478-4 100 ## $a20260312d2025 c y0pory01030103ba 101 0# $apor 102 ## $aBR 105 ## $aa z 000yy 106 ## $ar 200 1# $aLeve-me ao seu líder$fAfonso Cruz$gil. Mariana Rio$gadapt. Adriane Piscitelli 205 ## $a1ª ed 210 #9 $aSão Paulo$cBoitatá,$d2025 215 ## $a[48] p.$cil.$d24 cm 700 #1 $aCruz,$bAfonso,$f1971-$31368963 701 #1 $aRio,$bMariana,$f1986-$4440$31737107 702 #1 $aPiscitelli,$bAdriane$4010$31998336 801 #0 $aPT$bBN$gRPC 966 ## $lBN$mFGMON$pDGLAB$x3 971 ## $cssilva$d20260513 972 ## $e0$z0$d20260514$vlrevez
|
|
|